Score 0/57 Timer 12:00
14 Plays Today
clue answer % Correct
ProtagonistPerseus Jackson
96.4%
Best friendGrover Underwood
90.8%
Son of what God?Poseidon
88.9%
Daughter of what Goddess?Athena
86.8%
She always makes food what color?Blue
84.5%
Smart, female best friendAnnabeth Chase
84.1%
The camp the protagonist attends over the summerCamp Half-Blood
82.7%
Who is a?Satyr
79.5%
Son of what God?Hermes
78.2%
Daughter of what God?Ares
78.2%
Older blonde, scarred camperLuke Castellan
77.8%
Trainer of heroes, centaurChiron
74.8%
While going there the first time, he and his mother are chased by a ________Minotaur
74.2%
Director of the CampMr. D
72.5%
Protagonist's stepfatherGabe Ugliano
72.3%
Protagonist's motherSally Jackson
71.8%
Who steals it?Luke
69%
Percy's archenemy at CampClarisse La Rue
67.3%
Popular camp gameCapture the Flag
67.2%
He is being guided by what ancient Titan?Kronos
67.1%
While going there, he finds himself in a garden gnome emporium run by what monster?Medusa
64.2%
The protagonist believes the stolen item is where?In the Underworld
63.3%
What is kept on the fourth floor of the house?The Oracle of Delphi
61.7%
The camp's expenses are paid by growing which fruit?Strawberries
61.5%
What is stolen at the Winter Solstice?Zeus's Master Lightning Bolt
60%
She is secretly a?Fury
59.7%
King of the Underworld?Hades
58.6%
The name of the protagonist's swordAnaklusmos
57.3%
This god is dating which goddess?Aphrodite
57.1%
clue answer % Correct
At the end, the protagonist is betrayed by who?Luke
55.5%
His favorite food?Enchiladas
55.3%
When in Vegas, the three find themselves stuck in what casino?Lotus Casino
55.1%
Evil math teacherMrs. Dodds
54.7%
The stolen item must be returned by when?Summer Solstice
52.8%
Who resides where?Tartarus
50.9%
Bodyguard at camp, covered in eyesArgus
49.9%
Queen of the Underworld?Persephone
47.6%
What else is stolen?Hades' Helm of Darkness
46.8%
There, what swarms to attack them?Spiders
43.5%
Who is married to?Hephaestus
43.1%
School Percy attends at the start of the bookYancy Academy
41.4%
Name of the boatman to ferry dead souls across the River Styx?Charon
41.1%
Bully at the school who teases protagonist's best friendNancy Bobofit
40.6%
The three-headed dog guarding the entrance to the Underworld?Cerberus
38.4%
He gives the protagonist flying shoes, activated when what is said?Maia!
37.6%
To retrieve?Ares' Shield
35.3%
The name of his new sword?Backbiter
34.8%
At a diner, the god of war tells the protagonist to go where?A Water Park
34.3%
He tries to kill the protagonist with what arachnid?Pit Scorpion
34.3%
What 'pet' does she bring with her?The Chimera
31.8%
For people who have led good lives?Elysium
31.2%
Where do most people go after death?The Fields of Asphodel
29.3%
When visiting a national monument, what woman attacks the protagonist?Echidna
25.9%
When in LA, they are nearly stretched to death by who?Procrustes
21.9%
Name of the entrance to the underworld?DOA Recording Studio
21.4%
Before going to the underworld, the protagonist's father has first requested they go to a beach where?Santa Monica
19.3%
The three on the quest are guided by a pink poodle named?Gladiola
15.9%
Remove Ads.
Support Sporcle.
Get the best of Sporcle when you Go Orange. This ad-free experience offers more features, more stats, and more fun while also helping to support Sporcle. Thank you for becoming a member.

You're not logged in!

Compare scores with friends on all Sporcle quizzes.
OR
Log In

Show Comments

Extras

Top Quizzes Today


Score Distribution

Your Account Isn't Verified!

In order to create a playlist on Sporcle, you need to verify the email address you used during registration. Go to your Sporcle Settings to finish the process.

Report this User

Report this user for behavior that violates our Community Guidelines.

Details: